[Event "Schachfestival 2014 - Senioren"]
[Site "Woerishofen Bad"]
[Date "2014.03.24"]
[Round "4.41"]
[White "Fels, Karl Heinz"]
[Black "Narr, Irmgard"]
[Result "1-0"]
[WhiteElo "1882"]
[BlackElo "1761"]
[PlyCount "113"]
[EventDate "2014.03.21"]
[EventType "swiss"]
[EventCountry "GER"]
[WhiteTeam "Stuttgarter SF 1879"]
[BlackTeam "SC Mühlh.-R.Nürnberg"]
[WhiteTeamCountry "GER"]
[BlackTeamCountry "GER"]

1. e4 e6 2. d4 d5 3. Nc3 dxe4 4. Nxe4 Nf6 5. Bd3 Be7 6. Nf3 Nbd7 7. Nxf6+ Nxf6
8. O-O O-O 9. c3 a6 10. a4 Bd7 11. Ne5 Bd6 12. Nxd7 Qxd7 13. Bg5 Nd5 14. Qh5 f5
15. Rfe1 Bf4 16. g3 Bxg5 17. Qxg5 Rf6 18. Bc4 c6 19. Bxd5 Qxd5 20. Re5 Qb3 21.
Qd2 Qb6 22. Rae1 Re8 23. b4 Qc7 24. Qa2 Qd7 25. Qc4 Qf7 26. f4 h5 27. b5 axb5
28. axb5 Qd7 29. bxc6 bxc6 30. Rc5 Rc8 31. Ree5 Kh7 32. Qa4 Qb7 33. Qb4 Qa7 34.
Ra5 Qc7 35. Qa3 Qd7 36. Ra7 Rc7 37. Rea5 Rf7 38. Rxc7 Qxc7 39. Qb4 Kg6 40. Ra6
Rd7 41. Qc5 Rd6 42. Kf2 Kh6 43. Ke3 Kg6 44. Kd3 Kh6 45. Kc4 Kg6 46. Qb6 Qc8 47.
Ra7 Rd7 48. Ra6 Rc7 49. Qa5 Qd7 50. Qe5 Qc8 51. Rb6 Kf7 52. Kc5 Rd7 53. c4 Rc7
54. Qd6 Ra7 55. Rxc6 Ra5+ 56. Kb4 Qa8 57. Qxe6+ 1-0

[Event "Schachfestival 2014 - Senioren"]
[Site "Woerishofen Bad"]
[Date "2014.03.24"]
[Round "4.31"]
[White "Auterhoff, Juergen"]
[Black "Boldt, Heinrich"]
[Result "1/2-1/2"]
[WhiteElo "1803"]
[BlackElo "1922"]
[PlyCount "60"]
[EventDate "2014.03.21"]
[EventType "swiss"]
[EventCountry "GER"]
[WhiteTeam "SC Pasing von 1948 e.V."]
[BlackTeam "TSV Kareth-Lappersdorf"]
[WhiteTeamCountry "GER"]
[BlackTeamCountry "GER"]

1. e4 c5 2. Nf3 g6 3. d4 cxd4 4. Nxd4 Bg7 5. Be2 Nc6 6. Be3 Nf6 7. Nc3 O-O 8.
O-O d6 9. h3 Bd7 10. Qd2 a6 11. Rad1 Rc8 12. f4 Nxd4 13. Bxd4 Bc6 14. Bf3 Re8
15. Be3 Qa5 16. a3 Rcd8 17. Qf2 Nd7 18. Bd4 e5 19. fxe5 Nxe5 20. Bb6 Nxf3+ 21.
gxf3 Qg5+ 22. Qg2 Qxg2+ 23. Kxg2 Rd7 24. Bd4 Bh6 25. Rfe1 Rde7 26. Be3 Bxe3 27.
Rxe3 f5 28. Red3 fxe4 29. fxe4 Bxe4+ 30. Nxe4 Rxe4 1/2-1/2

[Event "Schachfestival 2014 - Senioren"]
[Site "Woerishofen Bad"]
[Date "2014.03.24"]
[Round "4.46"]
[White "Niedermaier, Peter"]
[Black "Stratmann, Dietrich"]
[Result "1-0"]
[WhiteElo "1844"]
[BlackElo "1697"]
[PlyCount "85"]
[EventDate "2014.03.21"]
[EventType "swiss"]
[EventCountry "GER"]
[WhiteTeam "SU Ebersberg-Grafing"]
[BlackTeam "SC Schwarz-Weiss Northeim"]
[WhiteTeamCountry "GER"]
[BlackTeamCountry "GER"]

1. e4 e5 2. Nf3 Nf6 3. Nxe5 d6 4. Nf3 Nxe4 5. Bc4 d5 6. Be2 Be7 7. d3 Nf6 8.
O-O h6 9. b3 Nc6 10. Bb2 O-O 11. Nbd2 Be6 12. Re1 Re8 13. h3 Bd6 14. d4 Qd7 15.
Ne5 Qe7 16. Nxc6 bxc6 17. Nf3 Nd7 18. Ne5 Nxe5 19. dxe5 Bc5 20. Bf3 Ba3 21.
Bxa3 Qxa3 22. Re3 Qe7 23. c3 Qc5 24. Qd2 Rad8 25. Rd1 Qb6 26. Rd3 a5 27. c4 d4
28. Rxd4 Rxd4 29. Qxd4 Qxd4 30. Rxd4 c5 31. Re4 Rd8 32. Re2 Rd4 33. Bc6 Kf8 34.
Kh2 Ke7 35. Kg3 g5 36. f3 h5 37. Be4 h4+ 38. Kf2 a4 39. Bc2 a3 40. Ke3 Kd7 41.
Rd2 Rxd2 42. Kxd2 Kc6 43. Kc3 1-0

[Event "Schachfestival 2014 - Senioren"]
[Site "Woerishofen Bad"]
[Date "2014.03.24"]
[Round "4.40"]
[White "Flockerzi, Armin"]
[Black "Reinke, Kurt"]
[Result "1/2-1/2"]
[WhiteElo "1815"]
[BlackElo "1884"]
[PlyCount "126"]
[EventDate "2014.03.21"]
[EventType "swiss"]
[EventCountry "GER"]
[WhiteTeam "VfR-SC Koblenz"]
[BlackTeam "SG Benrath"]
[WhiteTeamCountry "GER"]
[BlackTeamCountry "GER"]

1. Nf3 d5 2. d4 Nf6 3. Nbd2 Bf5 4. g3 Nc6 5. a3 Qc8 6. h3 Ne4 7. Bg2 e6 8. Nh4
Nxd2 9. Qxd2 Be4 10. Bxe4 dxe4 11. Ng2 Qd7 12. Qc3 Qxd4 13. Bd2 O-O-O 14. Qxd4
Nxd4 15. Rc1 Bc5 16. Bc3 e5 17. e3 Nf3+ 18. Ke2 Rd7 19. h4 f6 20. Ne1 Nxe1 21.
Rhxe1 Rhd8 22. a4 a6 23. Rb1 h5 24. Rg1 Be7 25. g4 hxg4 26. Rxg4 f5 27. Rxg7
Bxh4 28. Rxd7 Rxd7 29. Bxe5 Rd5 30. Bf4 Bf6 31. b3 b5 32. axb5 axb5 33. c4 bxc4
34. bxc4 Rd3 35. Rb5 Rc3 36. Rxf5 Bd8 37. c5 Rc2+ 38. Kf1 Kb7 39. Bh6 Kc6 40.
Bf8 Kb5 41. Kg2 c6 42. Kg3 Ba5 43. Rh5 Be1 44. Rh2 Re2 45. Kf4 Bxf2 46. Kxe4
Rxe3+ 47. Kf4 Bg3+ 48. Kxe3 Bxh2 49. Kd3 Bg1 50. Kc2 Kc4 51. Be7 Bxc5 52. Bf6
Bd4 53. Be7 Bc3 54. Bf8 Bb4 55. Bg7 Bd6 56. Bc3 c5 57. Be1 Kd4 58. Bf2+ Kc4 59.
Be1 Be5 60. Bd2 Bg3 61. Bc3 Bf2 62. Bd2 Bg3 63. Bc3 Bf2 1/2-1/2

[Event "Schachfestival 2014 - Senioren"]
[Site "Woerishofen Bad"]
[Date "2014.03.24"]
[Round "4.25"]
[White "Bauder, Herbert"]
[Black "Klimpel, Siegfried"]
[Result "1-0"]
[WhiteElo "1961"]
[BlackElo "1860"]
[PlyCount "89"]
[EventDate "2014.03.21"]
[EventType "swiss"]
[EventCountry "GER"]
[WhiteTeam "SG Lasker Steglitz-Wilmersdorf"]
[BlackTeam "TSV Kareth-Lappersdorf"]
[WhiteTeamCountry "GER"]
[BlackTeamCountry "GER"]

1. d4 Nf6 2. Nf3 d6 3. c4 c6 4. Nc3 Bg4 5. e4 Qc7 6. Be2 Nbd7 7. O-O e5 8. Be3
Be7 9. Rc1 Bh5 10. Nd2 Bxe2 11. Qxe2 O-O 12. d5 Kh8 13. b4 a6 14. Nb3 c5 15.
bxc5 Nxc5 16. Nxc5 dxc5 17. a4 Nd7 18. Qd3 Rad8 19. Rb1 Nb8 20. Qc2 Rd6 21. a5
Nd7 22. Na4 Rg6 23. f3 Rb8 24. Bd2 Bd8 25. Rb3 Qd6 26. Rfb1 b5 27. cxb5 axb5
28. Rxb5 Rxb5 29. Rxb5 Qa6 30. Qb1 h5 31. Qb3 h4 32. h3 Qc8 33. Kh2 Kh7 34. Qc4
Ra6 35. Nxc5 Be7 36. Bb4 Bg5 37. Qc3 Bf4+ 38. Kh1 Rg6 39. Nd3 Qa6 40. Qc4 Nb6
41. axb6 Qa1+ 42. Ne1 Bg3 43. Qe2 Qa6 44. Bc5 Bxe1 45. b7 1-0

[Event "Schachfestival 2014 - Senioren"]
[Site "Woerishofen Bad"]
[Date "2014.03.24"]
[Round "4.29"]
[White "Oser, Thor"]
[Black "Krase, Peter Axel"]
[Result "1-0"]
[WhiteElo "1820"]
[BlackElo "1927"]
[PlyCount "85"]
[EventDate "2014.03.21"]
[EventType "swiss"]
[EventCountry "GER"]
[WhiteTeam "SK 1929 Jöhlingen"]
[BlackTeam "TSV Kareth-Lappersdorf"]
[WhiteTeamCountry "GER"]
[BlackTeamCountry "GER"]

1. e4 Nc6 2. d4 e5 3. d5 Nce7 4. c4 Ng6 5. g3 Bc5 6. Nc3 d6 7. Bg2 Nf6 8. h3
Bd7 9. Nge2 a6 10. Qd3 O-O 11. Be3 Bxe3 12. Qxe3 b5 13. cxb5 axb5 14. O-O b4
15. Nb1 Bb5 16. Rc1 Nd7 17. b3 Nc5 18. Nd2 Ne7 19. Nc4 f5 20. f3 Qe8 21. f4
Bxc4 22. Rxc4 fxe4 23. Bxe4 Qh5 24. Rxb4 Qxh3 25. Bg2 Qh6 26. a4 Ng6 27. Rf1
Rab8 28. Rxb8 Rxb8 29. Nc1 Rb4 30. Qc3 Rb8 31. f5 Ne7 32. b4 Na6 33. Qc4 Qe3+
34. Kh2 Qb6 35. f6 Ng6 36. Qg4 gxf6 37. Rxf6 Qe3 38. Qe6+ Kg7 39. Rf7+ Kh6 40.
Qh3+ Nh4 41. Qxh4+ Kg6 42. Qxh7+ Kg5 43. Rf5+ 1-0

[Event "Schachfestival 2014 - Senioren"]
[Site "Woerishofen Bad"]
[Date "2014.03.24"]
[Round "4.16"]
[White "Seyffer, Guenther"]
[Black "Blutharsch, Walter"]
[Result "1/2-1/2"]
[WhiteElo "2054"]
[BlackElo "1882"]
[PlyCount "62"]
[EventDate "2014.03.21"]
[EventType "swiss"]
[EventCountry "GER"]
[WhiteTeam "SK 1929 Jöhlingen"]
[BlackTeam "VfL Sindelfingen"]
[WhiteTeamCountry "GER"]
[BlackTeamCountry "GER"]

1. d4 d5 2. c4 c6 3. e3 Nf6 4. Nf3 e6 5. Bd3 Bd6 6. Qc2 Nbd7 7. cxd5 exd5 8.
O-O O-O 9. Nc3 Nb6 10. h3 Be6 11. b3 h6 12. Ne5 Rc8 13. Qe2 Nfd7 14. f4 Nxe5
15. fxe5 Be7 16. Bb2 c5 17. Rac1 c4 18. Bb1 Qd7 19. Rf3 f5 20. exf6 Rxf6 21.
Rxf6 Bxf6 22. Qc2 Kf8 23. Rf1 Ke7 24. Qh7 Kd8 25. Bf5 Kc7 26. Qg6 Kb8 27. Qg3+
Ka8 28. Bxe6 Qxe6 29. Nb5 Qd7 30. Nc3 Re8 31. Ne2 Qe7 1/2-1/2

[Event "Schachfestival 2014 - Senioren"]
[Site "Woerishofen Bad"]
[Date "2014.03.24"]
[Round "4.6"]
[White "Villing, Dieter"]
[Black "Nachtkamp, Herbert"]
[Result "0-1"]
[WhiteElo "2117"]
[BlackElo "2014"]
[PlyCount "120"]
[EventDate "2014.03.21"]
[EventType "swiss"]
[EventCountry "GER"]
[WhiteTeam "SK 1962 Ladenburg"]
[BlackTeam "SK Norderstedt von 1975"]
[WhiteTeamCountry "GER"]
[BlackTeamCountry "GER"]

1. d4 d5 2. Nc3 c6 3. e4 dxe4 4. f3 exf3 5. Nxf3 Bf5 6. Bc4 Nf6 7. Ne5 e6 8. g4
Nfd7 9. Nd3 Bxd3 10. Qxd3 Qh4+ 11. Kd1 Nb6 12. h3 N8d7 13. Ne4 Qe7 14. Bf4 Nxc4
15. Qxc4 Nb6 16. Qb3 O-O-O 17. Kc1 Rxd4 18. Re1 Qd7 19. c3 Rd5 20. a4 Be7 21.
a5 Na8 22. Ra4 Rd8 23. Be3 a6 24. Rd4 Rxd4 25. Bxd4 Qd5 26. Qxd5 exd5 27. Nd2
Bf8 28. Nf3 c5 29. Bf2 f6 30. Nh4 Nc7 31. Nf5 Re8 32. Rxe8+ Nxe8 33. Ne3 Nc7
34. Bg3 d4 35. Nc4 Kd7 36. Kd2 Ne6 37. Kd3 dxc3 38. bxc3 Kc6 39. Ke4 Ng5+ 40.
Kf5 Be7 41. h4 g6+ 42. Kf4 Nf7 43. Ke4 Nd6+ 44. Bxd6 Bxd6 45. h5 Bg3 46. hxg6
hxg6 47. Ne3 Bc7 48. Nc4 b5 49. axb6 Bxb6 50. Ne3 a5 51. c4 a4 52. Kd3 Bc7 53.
Nd5 Bd8 54. Kc2 f5 55. gxf5 gxf5 56. Nc3 a3 57. Kb3 f4 58. Nb1 Ba5 59. Nxa3 f3
60. Nc2 Bd2 0-1

[Event "Schachfestival 2014 - Senioren"]
[Site "Woerishofen Bad"]
[Date "2014.03.24"]
[Round "4.1"]
[White "Baum, Bernd"]
[Black "Minz, Michail"]
[Result "1-0"]
[WhiteElo "2302"]
[BlackElo "2108"]
[PlyCount "139"]
[EventDate "2014.03.21"]
[EventType "swiss"]
[EventCountry "GER"]
[WhiteTeam "SV Empor Erfurt"]
[BlackTeam "SK Gau-Algesheim"]
[WhiteTeamCountry "GER"]
[BlackTeamCountry "GER"]

1. Nf3 d5 2. g3 Nf6 3. c4 c6 4. Bg2 g6 5. b3 Bg7 6. Bb2 O-O 7. O-O Nbd7 8. d3
Re8 9. Qc2 h6 10. Nbd2 Nf8 11. Rac1 Bg4 12. cxd5 Nxd5 13. Bxg7 Kxg7 14. Qb2+ f6
15. b4 a6 16. Nc4 e5 17. Rfe1 Bxf3 18. Bxf3 Nb6 19. Na5 Rb8 20. Nxb7 Rxb7 21.
Bxc6 Ra7 22. Bxe8 Qxe8 23. Qc2 Qe6 24. Qc6 Qxc6 25. Rxc6 Nfd7 26. Rec1 a5 27.
b5 a4 28. Rc7 Rxc7 29. Rxc7 Kf7 30. f4 Ke7 31. e4 exf4 32. gxf4 g5 33. fxg5
hxg5 34. Kf2 Kd8 35. Rc6 Nc8 36. Re6 Kc7 37. Ke2 Nd6 38. b6+ Nxb6 39. Rxf6 Nb5
40. Kd2 Nd4 41. Kc3 Nd7 42. Rf7 Ne2+ 43. Kd2 Nd4 44. Ke3 Nc2+ 45. Kd2 Nd4 46.
Rf2 Kd6 47. Ke3 Ke5 48. Rg2 Ne6 49. d4+ Kf6 50. Rf2+ Ke7 51. Rb2 Nf6 52. e5
Nd5+ 53. Ke4 Nc3+ 54. Kd3 Nd5 55. Rb7+ Nec7 56. Ra7 Ke6 57. Rxa4 Kf5 58. Ra7
Nf4+ 59. Kc4 Ncd5 60. a4 Ke4 61. a5 Ne3+ 62. Kb5 Kxd4 63. a6 Kxe5 64. Rd7 Ke6
65. Rg7 Nf5 66. Rxg5 Ne7 67. a7 Nfd5 68. Kc4 Nb6+ 69. Kc5 Na8 70. Rg1 1-0

[Event "Schachfestival 2014 - Senioren"]
[Site "Woerishofen Bad"]
[Date "2014.03.24"]
[Round "4.53"]
[White "Dittmann, Heinz"]
[Black "Langhoff, Wolfgang"]
[Result "0-1"]
[WhiteElo "1564"]
[BlackElo "1820"]
[PlyCount "96"]
[EventDate "2014.03.21"]
[EventType "swiss"]
[EventCountry "GER"]
[WhiteTeam "Schachgemeinschaft Nettetal 1929"]
[BlackTeam "SK Mannheim-Lindenhof 1865"]
[WhiteTeamCountry "GER"]
[BlackTeamCountry "GER"]

1. d4 Nf6 2. c4 g6 3. Nc3 d5 4. Nf3 Bg7 5. e3 O-O 6. Bd3 c5 7. O-O cxd4 8. exd4
Nc6 9. Be3 a6 10. h3 Nb4 11. cxd5 Nxd3 12. Qxd3 Nxd5 13. Nxd5 Qxd5 14. Qd2 Bxh3
15. Bh6 Rfd8 16. Bxg7 Kxg7 17. Rfe1 e6 18. Re5 Qc6 19. Rc1 Qd7 20. gxh3 b6 21.
Qe3 Qb7 22. h4 h6 23. Nh2 Qe7 24. Nf3 Rd6 25. Qc3 Qf6 26. Qe3 Rad8 27. Qe4 Rd5
28. Rc6 R5d6 29. Rxd6 Rxd6 30. Qe3 Qd8 31. Re4 b5 32. Kg2 a5 33. Qc3 b4 34. Qe3
Qd7 35. Rg4 f6 36. Re4 Rc6 37. d5 Qxd5 38. Nd4 Ra6 39. Kh3 e5 40. Nf3 Re6 41.
b3 Re7 42. Rd4 Qe6+ 43. Rg4 h5 44. Nh2 hxg4+ 45. Nxg4 Qf5 46. f3 Qf4 47. Qf2 e4
48. Ne3 Qxf3+ 0-1

[Event "Schachfestival 2014 - Senioren"]
[Site "Woerishofen Bad"]
[Date "2014.03.24"]
[Round "4.58"]
[White "Mittenzwei, Ingo"]
[Black "Braeu, Emmi"]
[Result "0-1"]
[WhiteElo "1598"]
[BlackElo "1645"]
[PlyCount "134"]
[EventDate "2014.03.21"]
[EventType "swiss"]
[EventCountry "GER"]
[WhiteTeam "Schachklub Sülz-Klettenberg"]
[BlackTeam "SK Marktoberdorf"]
[WhiteTeamCountry "GER"]
[BlackTeamCountry "GER"]

1. d4 c5 2. c3 g6 3. Bf4 Bg7 4. e3 Qb6 5. b3 Nf6 6. Nf3 O-O 7. Bd3 Nc6 8. Ne5
Nd5 9. Nc4 Qd8 10. Bg3 cxd4 11. cxd4 b5 12. Ne5 Qa5+ 13. Qd2 Qxd2+ 14. Kxd2
Nxe5 15. Bxe5 Bxe5 16. dxe5 Rb8 17. Rc1 f6 18. exf6 Rxf6 19. f3 Rd6 20. Ke2 Nb4
21. Be4 Kf7 22. Nc3 a6 23. a3 Nc6 24. Rd1 Rxd1 25. Rxd1 e6 26. f4 b4 27. axb4
Rxb4 28. Bc2 Ke7 29. Ne4 d5 30. Ng5 h6 31. Nf3 Kf6 32. h4 a5 33. Rc1 Ba6+ 34.
Kd2 Bb5 35. g4 d4 36. g5+ Kg7 37. gxh6+ Kxh6 38. Ng5 dxe3+ 39. Kxe3 Nd4 40. Bd1
Nf5+ 41. Kf3 Nd4+ 42. Ke3 Nxb3 43. Rc3 a4 44. Nxe6 Rc4 45. Kd3 Rc6+ 46. Kc2
Rxe6 47. Kb2 Be2 48. Bc2 Rb6 49. Ka3 Kh5 50. f5 gxf5 51. Bxf5 Nd4 52. Bd3 Bd1
53. Rc5+ Kxh4 54. Rc4 Rd6 55. Kb2 Kg3 56. Rc3 Kf2 57. Rc5 Ke3 58. Kc3 Rc6 59.
Rc4 Rxc4+ 60. Bxc4 a3 61. Ba2 Nb5+ 62. Kb4 Be2 63. Kb3 Kd2 64. Kb4 Kc2 65. Bf7
Kb2 66. Bg8 Nd4 67. Bf7 Bd1 0-1

[Event "Schachfestival 2014 - Senioren"]
[Site "Woerishofen Bad"]
[Date "2014.03.24"]
[Round "4.44"]
[White "Aufmwasser, Guenter"]
[Black "Harke, Horst"]
[Result "0-1"]
[WhiteElo "1704"]
[BlackElo "1877"]
[PlyCount "104"]
[EventDate "2014.03.21"]
[EventType "swiss"]
[EventCountry "GER"]
[WhiteTeam "Schachverein 1922 Hilden"]
[BlackTeam "SK Varel"]
[WhiteTeamCountry "GER"]
[BlackTeamCountry "GER"]

1. f4 Nf6 2. Nf3 d6 3. e3 c6 4. b3 Bg4 5. Be2 Nbd7 6. Bb2 Bxf3 7. Bxf3 e5 8.
O-O e4 9. Be2 Qc7 10. c4 d5 11. Ba3 Bxa3 12. Nxa3 Qa5 13. Nc2 c5 14. a3 dxc4
15. b4 cxb4 16. axb4 Qc7 17. Nd4 O-O 18. Rc1 Nb6 19. Nb5 Qd7 20. Nd4 Rac8 21.
g4 Nfd5 22. g5 f5 23. b5 c3 24. Qb3 cxd2 25. Rxc8 Rxc8 26. Bd1 Rc3 27. Qa2 Rxe3
28. Bh5 Re1 29. Qxd2 Rxf1+ 30. Kxf1 Nc4 31. Qa2 Nde3+ 32. Kg1 Qxd4 33. Kh1 Qb2
34. Qxb2 Nxb2 35. g6 Nd5 36. gxh7+ Kxh7 37. Bf7 Nxf4 38. h4 g6 39. Kh2 Kg7 40.
Be8 Kf6 41. Kg3 Nh5+ 42. Kh3 Nd3 43. Bd7 Ndf4+ 44. Kh2 e3 45. Kg1 b6 46. Bc6
Ke5 47. Bf3 Kd4 48. Kf1 Nf6 49. Ke1 Ne4 50. h5 gxh5 51. Kd1 Nc3+ 52. Ke1 Nxb5
0-1

[Event "Schachfestival 2014 - Senioren"]
[Site "Woerishofen Bad"]
[Date "2014.03.24"]
[Round "4.38"]
[White "Schaberg, Wolfgang"]
[Black "Wolfram, Gisbert"]
[Result "1-0"]
[WhiteElo "1884"]
[BlackElo "1803"]
[PlyCount "75"]
[EventDate "2014.03.21"]
[EventType "swiss"]
[EventCountry "GER"]
[WhiteTeam "Scacchi Franciacorta"]
[BlackTeam "SU Ebersberg-Grafing"]
[WhiteTeamCountry "ITA"]
[BlackTeamCountry "GER"]

1. e4 c5 2. Nf3 Nc6 3. d4 cxd4 4. Nxd4 Nf6 5. Nc3 e5 6. Ndb5 d6 7. Bg5 a6 8.
Na3 b5 9. Nd5 Be7 10. Bxf6 Bxf6 11. c3 Bg5 12. Nc2 O-O 13. a4 bxa4 14. Rxa4 Bb7
15. Bc4 Kh8 16. O-O Ne7 17. Qd3 f5 18. exf5 Bc6 19. Ra2 Nxd5 20. Bxd5 Bxd5 21.
Qxd5 Rxf5 22. Nb4 Rf8 23. Rxa6 Rxa6 24. Nxa6 Qb6 25. Nb4 Be3 26. Nd3 Bg5 27. g3
Rc8 28. Nb4 Rc5 29. Qf7 Qd8 30. Rd1 Be7 31. Nd5 Bf8 32. b4 Rc8 33. Rd3 Qe8 34.
Rf3 Qxf7 35. Rxf7 Kg8 36. Rb7 g6 37. Kf1 Bg7 38. Ne7+ 1-0

[Event "Schachfestival 2014 - Senioren"]
[Site "Woerishofen Bad"]
[Date "2014.03.24"]
[Round "4.48"]
[White "Schweitzer, Paul"]
[Black "Dombrowe, Eckehard"]
[Result "1/2-1/2"]
[WhiteElo "1696"]
[BlackElo "1828"]
[PlyCount "120"]
[EventDate "2014.03.21"]
[EventType "swiss"]
[EventCountry "GER"]
[WhiteTeam "SV Königsjäger Süd-West e.V."]
[BlackTeam "Schachgemeinschaft Nettetal 1929"]
[WhiteTeamCountry "GER"]
[BlackTeamCountry "GER"]

1. Nf3 d5 2. d4 Nf6 3. Bg5 e6 4. c3 Nbd7 5. Nbd2 h6 6. Bf4 c5 7. Qa4 Be7 8. Ne5
O-O 9. e3 Nb6 10. Qc2 Bd7 11. a4 a5 12. Bb5 Bxb5 13. axb5 Nbd7 14. c4 Nxe5 15.
dxe5 Nh5 16. g4 Nxf4 17. exf4 d4 18. Qe4 b6 19. b3 Rc8 20. Nf3 f5 21. gxf5 Rxf5
22. h4 Qf8 23. Qb7 Rxf4 24. Nd2 Rb8 25. Qc6 Qf5 26. Qc7 Qf8 27. O-O-O Bxh4 28.
f3 Bg5 29. Kc2 Qd8 30. Qc6 Qc8 31. Rdg1 Qxc6 32. bxc6 Rc8 33. Ne4 Rxf3 34. Nxg5
hxg5 35. Rxg5 Rxc6 36. Rgh5 Kf8 37. Rh8+ Ke7 38. Rb8 Kf7 39. Rhh8 Kg6 40. Rb7
Rf7 41. Rbb8 Kf5 42. Rh5+ g5 43. Rg8 Kxe5 44. Rhxg5+ Rf5 45. Rg2 Kd6 46. R2g6
Ke7 47. R8g7+ Rf7 48. Rg8 Rd6 49. Rb8 Rf2+ 50. Kd3 Rf3+ 51. Kd2 d3 52. Rb7+ Kf8
53. Rh6 Rf7 54. Rb8+ Ke7 55. Rb7+ Rd7 56. Rxb6 Rf2+ 57. Kd1 d2 58. Rhxe6+ Kf7
59. Rbd6 Rf1+ 60. Kxd2 Re7 1/2-1/2

[Event "Schachfestival 2014 - Senioren"]
[Site "Woerishofen Bad"]
[Date "2014.03.24"]
[Round "4.45"]
[White "Blosze, Winfried"]
[Black "Koppenhoefer, Heinz"]
[Result "1-0"]
[WhiteElo "1857"]
[BlackElo "1710"]
[PlyCount "127"]
[EventDate "2014.03.21"]
[EventType "swiss"]
[EventCountry "GER"]
[WhiteTeam "SV Königsspringer 1929 Grossauheim"]
[BlackTeam "TSV Solln Schachabteilung"]
[WhiteTeamCountry "GER"]
[BlackTeamCountry "GER"]

1. e4 e5 2. Nf3 Nc6 3. Bb5 Nf6 4. d3 d6 5. h3 Be7 6. O-O O-O 7. Bg5 Be6 8. c3
Nb8 9. Nbd2 c6 10. Ba4 Na6 11. Qe2 Nh5 12. Be3 f5 13. exf5 Rxf5 14. g4 Nf4 15.
Bxf4 Rxf4 16. d4 Bd5 17. Bb3 Bxb3 18. axb3 exd4 19. Nxd4 Nc7 20. Nf5 Bf6 21.
Nc4 Nb5 22. Qe6+ Kh8 23. Ncxd6 Nxd6 24. Nxd6 Qe7 25. Qxe7 Bxe7 26. Nxb7 Rf7 27.
Na5 c5 28. Rfe1 Bh4 29. Re2 Raf8 30. Rf1 Rf3 31. Kg2 Bd8 32. Nc4 Bc7 33. Re7
Bb8 34. Nd2 R3f4 35. f3 R4f6 36. Ne4 Rb6 37. Ng5 Rxb3 38. Rf2 Rb5 39. Ne6 Rg8
40. Rd2 h6 41. f4 Rb6 42. f5 a5 43. Rf7 Be5 44. Nxc5 Bf4 45. Re2 Bg5 46. Rb7
Rc6 47. Ne6 Bf6 48. Ra7 Rb8 49. Rxa5 Rcb6 50. Ra2 Rb3 51. Nc5 R3b5 52. Nd7 R8b7
53. Nxf6 gxf6 54. b4 Kg7 55. Ra6 Rc7 56. Re3 Rd5 57. Kf3 Kf7 58. Rae6 Rd1 59.
b5 Rb1 60. Rc6 Rxc6 61. bxc6 Rb8 62. Ke2 Rc8 63. Re6 Rd8 64. Ke3 1-0

[Event "Schachfestival 2014 - Senioren"]
[Site "Woerishofen Bad"]
[Date "2014.03.24"]
[Round "4.5"]
[White "Witte, Manfred"]
[Black "Engbrecht, Helmut"]
[Result "1-0"]
[WhiteElo "2160"]
[BlackElo "2037"]
[PlyCount "107"]
[EventDate "2014.03.21"]
[EventType "swiss"]
[EventCountry "GER"]
[WhiteTeam "VfB Hermsdorf e.V."]
[BlackTeam "SV Schorndorf"]
[WhiteTeamCountry "GER"]
[BlackTeamCountry "GER"]

1. e4 e5 2. Nf3 Nc6 3. Bc4 Nf6 4. O-O Bc5 5. d4 Bxd4 6. Nxd4 Nxd4 7. f4 d6 8.
fxe5 dxe5 9. Bg5 Be6 10. Na3 Qe7 11. Bxf6 gxf6 12. c3 Nc6 13. Kh1 a6 14. Qd2 h5
15. Rf2 Rd8 16. Qe2 Nb8 17. Raf1 Nd7 18. Nc2 c6 19. Ne3 b5 20. Bb3 a5 21. Nf5
Bxf5 22. Rxf5 a4 23. Bc2 h4 24. Rh5 Qf8 25. Qg4 Rg8 26. Qxh4 Qg7 27. Qf2 Ke7
28. Rh3 Rh8 29. Rxh8 Rxh8 30. Rd1 Qg4 31. h3 Qe6 32. b3 a3 33. Rd2 c5 34. Rd5
f5 35. Qxf5 Qxf5 36. exf5 f6 37. Kh2 Rc8 38. g4 Rc7 39. h4 Kf7 40. g5 Kg7 41.
Rd6 e4 42. Bxe4 Ne5 43. Kg3 Rd7 44. Rxd7+ Nxd7 45. b4 cxb4 46. cxb4 Ne5 47. Kf4
Nc4 48. Bc6 Nd6 49. Bd7 Kf7 50. g6+ Kg7 51. Ke3 Kh6 52. Kd4 Kg7 53. Kd5 Nc4 54.
Kc5 1-0

[Event "Schachfestival 2014 - Senioren"]
[Site "Woerishofen Bad"]
[Date "2014.03.24"]
[Round "4.12"]
[White "Smits, Oswald"]
[Black "Nordby, Berndt"]
[Result "0-1"]
[WhiteElo "1925"]
[BlackElo "2098"]
[PlyCount "72"]
[EventDate "2014.03.21"]
[EventType "swiss"]
[EventCountry "GER"]
[WhiteTeam "Sfr. Taunus Königstein/Schwalbach"]
[BlackTeam "Sarpsborg SK"]
[WhiteTeamCountry "GER"]
[BlackTeamCountry "NOR"]

1. d4 Nf6 2. Nf3 g6 3. Bg5 Bg7 4. Nc3 d5 5. e3 O-O 6. Bd3 c5 7. dxc5 Qa5 8. O-O
Qxc5 9. Rb1 Rd8 10. h3 Nc6 11. Qe2 b6 12. Bf4 Nh5 13. Na4 Nxf4 14. exf4 Qb4 15.
Bb5 Bb7 16. Rfe1 a6 17. Bxc6 Bxc6 18. b3 b5 19. Nb2 Bxb2 20. Rxb2 Qxf4 21. Rbb1
e6 22. c3 Rac8 23. Rbd1 Bb7 24. Rd4 Qf6 25. Qd2 Qg7 26. Ne5 f6 27. Ng4 e5 28.
Rd3 b4 29. cxb4 d4 30. Nh6+ Kf8 31. Rg3 g5 32. Ng4 h6 33. h4 gxh4 34. Rh3 Qxg4
35. Qxh6+ Qg7 36. Qxh4 Qxg2# 0-1

[Event "Schachfestival 2014 - Senioren"]
[Site "Woerishofen Bad"]
[Date "2014.03.24"]
[Round "4.51"]
[White "Breidenbach, Heinz"]
[Black "Meul, Willi"]
[Result "0-1"]
[WhiteElo "1503"]
[BlackElo "1880"]
[PlyCount "84"]
[EventDate "2014.03.21"]
[EventType "swiss"]
[EventCountry "GER"]
[WhiteTeam "Scacchistica milanese"]
[BlackTeam "Schachverein 1925 Hürth-Berrenra"]
[WhiteTeamCountry "ITA"]
[BlackTeamCountry "GER"]

1. d4 Nf6 2. Nf3 g6 3. h3 d5 4. Bf4 Bg7 5. e3 Nbd7 6. Bd3 c5 7. c3 b6 8. Nbd2
Bb7 9. O-O O-O 10. Re1 Ne4 11. Qc2 Ndf6 12. Be5 Rc8 13. dxc5 Nxc5 14. Bf1 e6
15. Rad1 Qe7 16. Nd4 Ncd7 17. Bh2 Rfd8 18. Nb5 Nc5 19. Nxa7 Ra8 20. Nb5 Rxa2
21. Na3 Nfe4 22. Qb1 Nxc3 23. bxc3 Rxa3 24. Qxb6 Bxc3 25. Nb1 Rb3 26. Qxb3 Nxb3
27. Nxc3 Rc8 28. Nb5 e5 29. Be2 Rc5 30. Rb1 Nd2 31. Rbc1 Ba6 32. Nc3 Bxe2 33.
Nxe2 Rxc1 34. Rxc1 Qe6 35. Rd1 Ne4 36. f4 f6 37. fxe5 fxe5 38. Rc1 Qf6 39. Rf1
Qb6 40. Rf3 Qb1+ 41. Rf1 Qd3 42. Bxe5 Qxe3+ 0-1

[Event "Schachfestival 2014 - Senioren"]
[Site "Woerishofen Bad"]
[Date "2014.03.24"]
[Round "4.43"]
[White "Aust, Werner"]
[Black "Weber, Gerhard"]
[Result "1/2-1/2"]
[WhiteElo "1725"]
[BlackElo "1880"]
[PlyCount "35"]
[EventDate "2014.03.21"]
[EventType "swiss"]
[EventCountry "GER"]
[WhiteTeam "Schachverein Eichlinghofen 1935"]
[BlackTeam "Schachclub Bayer Leverkusen e.V."]
[WhiteTeamCountry "GER"]
[BlackTeamCountry "GER"]

1. d4 d6 2. e4 g6 3. Nf3 Bg7 4. Bc4 Nf6 5. Qe2 O-O 6. O-O Bg4 7. Nc3 Nbd7 8.
Be3 c5 9. Rfd1 cxd4 10. Bxd4 Qa5 11. h3 Bxf3 12. Qxf3 Ne5 13. Qe2 Nxc4 14. Qxc4
Rfc8 15. Qe2 a6 16. Nd5 Nxd5 17. exd5 Bxd4 18. Rxd4 1/2-1/2

[Event "Schachfestival 2014 - Senioren"]
[Site "Woerishofen Bad"]
[Date "2014.03.24"]
[Round "4.4"]
[White "Johnsen, Oystein"]
[Black "Daeubler, Heinrich"]
[Result "0-1"]
[WhiteElo "2048"]
[BlackElo "2169"]
[PlyCount "46"]
[EventDate "2014.03.21"]
[EventType "swiss"]
[EventCountry "GER"]
[WhiteTeam "Tönsberg"]
[BlackTeam "Schachclub Haselmuehl"]
[WhiteTeamCountry "NOR"]
[BlackTeamCountry "GER"]

1. f4 e5 2. fxe5 d6 3. d4 dxe5 4. dxe5 Qxd1+ 5. Kxd1 Nc6 6. Bf4 Bf5 7. c3 Nge7
8. Nf3 O-O-O+ 9. Ke1 Nd5 10. g3 Bc5 11. Nh4 Be6 12. Bg2 Ne3 13. Bxe3 Bxe3 14.
Bxc6 bxc6 15. Rf1 Bc1 16. Na3 Bxb2 17. Nc2 Bxa1 18. Nxa1 Bxa2 19. Nc2 Rhe8 20.
Nb4 Bd5 21. Rf5 g6 22. Rf6 Rxe5 23. c4 Bxc4 0-1